The Avatari / (Record no. 83855)

MARC details
000 -LEADER
fixed length control field 00523nam a22001817a 4500
005 - DATE AND TIME OF LATEST TRANSACTION
control field 20220211113740.0
010 ## - LCCN (DPL NO)
LC control number ENG-109829
020 ## - INTERNATIONAL STANDARD BOOK NUMBER
International Standard Book Number 9789350095744
Terms of availability 399.00
035 ## - SYSTEM CONTROL NUMBER
System control number EN-93362
037 ## - SOURCE OF ACQUISITION
Source of stock number/acquisition DBAD/PUB
082 ## - DEWEY DECIMAL CLASSIFICATION NUMBER
Classification number N
100 ## - MAIN ENTRY--PERSONAL NAME
Personal name Srinivasan, Raghu
245 00 - TITLE STATEMENT
Title The Avatari /
Statement of responsibility, etc by Raghu Srinivasan
260 ## - PUBLICATION, DISTRIBUTION, ETC. (IMPRINT)
Place of publication, distribution, etc Gurgaon
Name of publisher, distributor, etc Hachette Book Publishing
Date of publication, distribution, etc 2014
270 ## - ADDRESS
Address 4th and 5th Floors, Corporate Centre Plot No. 94, Sector 44
City Gurgaon
Postal code 122003
300 ## - PHYSICAL DESCRIPTION
Extent xi,500p.
Dimensions 21cm(pbk)
942 ## - ADDED ENTRY ELEMENTS (KOHA)
Source of classification or shelving scheme Dewey Decimal Classification
Item type English Books
Call number suffix SRI
Classification part N
Holdings
Withdrawn status Lost status Not for loan Collection code Home library Current library Date acquired Source of acquisition Cost, normal purchase price Full call number Barcode Copy number Cost, replacement price Koha item type
      Fiction Ashok Vihar Ashok Vihar 29/04/2014 DBAD/PUB 399.00 N SRI EN-93362 1 399.00 English Books

© Delhi Public Library
Hit Counter
free hit counter